000 00849nam a2200253Ia 4500
003 OSt
005 20220925223456.0
006 a|||||r|||| 00| 0
007 ta
008 220923b |||||||| |||| 00| 0 eng d
020 _a9780415363549
_c1165.4200000000001
037 _b341, 29/12/2008, Bharatiya Sahitya Bhavana
_cGeneral Book
040 _aRTL
_cRTL
_beng
041 _2eng
_aeng
082 _aV:594(z6).N45, P9
100 _aThackrah Johan Richard
_9289784
245 0 _aRoutledge companion to military conflict since 1945
260 _aLondon
_bRoutledge
_c2009
300 _axxii, 306p.
_ccm.
500 _aBibliography: Various pagination
650 _aGeography
942 _hV:594(z6).N45, P9
_cGB
_2CC
999 _c579688
_d579688